Hướng dẫn tự học Microsoft Access 2002 bằng hình

Đã lưu trong:
書目詳細資料
主要作者: Hoàng Thanh
格式: 圖書
出版: Thống kê 2002
標簽: 添加標簽
沒有標簽, 成為第一個標記此記錄!
Thư viện lưu trữ: Mạng thư viện Đại học Đà Nẵng
LEADER 00569nam a2200229 a 4500
001 000028683
003 16289
005 20171030145630.0
008 171030s2002
020 |c 29000 
040 |a LTT 
082 0 |a 005.7565  |b HO-T 
100 1 |a Hoàng Thanh 
245 0 0 |a Hướng dẫn tự học Microsoft Access 2002 bằng hình  |c Hoàng Thanh. 
260 |b Thống kê  |c 2002 
OWN |a LTT 
999 |a From the UDN01 
TYP |a Monograph 
TYP |a Printed language 
980 |a Mạng thư viện Đại học Đà Nẵng